Weltwirtschaft, welwirtschaftliche Probleme national befreiter Staaten, Aussenwirtschaft der DDR 1946-1982

Salvato in:
Dettagli Bibliografici
Natura: Libro
Lingua:tedesco
Pubblicazione: Berlin Humboldt-Universität 1982
Tags: Aggiungi Tag
Nessun Tag, puoi essere il primo ad aggiungerne!!

MARC

LEADER 00000nam a2200000 4500
001 c135088
005 20041019155303.2
041 0 |a ger 
044 |a DE 
245 1 0 |a Weltwirtschaft, welwirtschaftliche Probleme national befreiter Staaten, Aussenwirtschaft der DDR  |b 1946-1982 
264 1 |a Berlin  |b Humboldt-Universität  |c 1982 
300 |a 86 s.